<?xml version="1.0" encoding="UTF-8"?>
<record
    xmlns:xsi="http://www.w3.org/2001/XMLSchema-instance"
    xsi:schemaLocation="http://www.loc.gov/MARC21/slim http://www.loc.gov/standards/marcxml/schema/MARC21slim.xsd"
    xmlns="http://www.loc.gov/MARC21/slim">

  <leader>02591cam a2200301 a 4500</leader>
  <controlfield tag="001">3978191</controlfield>
  <controlfield tag="003">CaAEU</controlfield>
  <controlfield tag="005">20250923095134.0</controlfield>
  <controlfield tag="008">061207s2007    nyu           000 0 eng  </controlfield>
  <datafield tag="010" ind1=" " ind2=" ">
    <subfield code="a">  2006100976</subfield>
  </datafield>
  <datafield tag="020" ind1=" " ind2=" ">
    <subfield code="a">9781584796022</subfield>
  </datafield>
  <datafield tag="035" ind1=" " ind2=" ">
    <subfield code="a">ocm77048052</subfield>
  </datafield>
  <datafield tag="040" ind1=" " ind2=" ">
    <subfield code="a">DLC</subfield>
    <subfield code="b">eng</subfield>
    <subfield code="c">DLC</subfield>
    <subfield code="d">DLC</subfield>
    <subfield code="d">AEEN</subfield>
  </datafield>
  <datafield tag="041" ind1=" " ind2=" ">
    <subfield code="a">eng</subfield>
  </datafield>
  <datafield tag="050" ind1="0" ind2="0">
    <subfield code="a">TD171.7</subfield>
    <subfield code="b">.D67 2007</subfield>
  </datafield>
  <datafield tag="100" ind1=" " ind2=" ">
    <subfield code="a">Dorfman, Josh</subfield>
    <subfield code="9">25752</subfield>
    <subfield code="e">author</subfield>
  </datafield>
  <datafield tag="245" ind1="1" ind2="4">
    <subfield code="a">The lazy environmentalist</subfield>
    <subfield code="b">: your guide to easy, stylish, green living</subfield>
    <subfield code="c">/ Josh Dorfman.</subfield>
  </datafield>
  <datafield tag="260" ind1=" " ind2=" ">
    <subfield code="a">New York, NY :</subfield>
    <subfield code="b">Stewart, Tabori &amp; Chang,</subfield>
    <subfield code="c">2007.</subfield>
  </datafield>
  <datafield tag="300" ind1=" " ind2=" ">
    <subfield code="a">271 pages ;</subfield>
    <subfield code="c">21 cm.</subfield>
  </datafield>
  <datafield tag="504" ind1=" " ind2=" ">
    <subfield code="a">Includes index.</subfield>
  </datafield>
  <datafield tag="505" ind1="0" ind2=" ">
    <subfield code="a">Fashion first &#x2014; The great outdoors &#x2014; The world, it's your oyster &#x2014; Vehicular inspiration &#x2014; Keep it moving &#x2014; Real estate &#x2014; The green house &#x2014; More than one way to heat a home &#x2014; You are what you sit on &#x2014; Slice it, dice it, serve it &#x2014; Sleep right &#x2014; Toilets, tubs, and toothbrushes &#x2014; Scrub, dust, and wash &#x2014; The greatest green thumb &#x2014; Pets are people too &#x2014; It's never too soon to start &#x2014; Technological advancement &#x2014; It's professional &#x2014; It's your money, use it wisely &#x2014; Read it only &#x2014; Eco living 101; programs, classes, and degrees &#x2014; It's never too late to start.</subfield>
  </datafield>
  <datafield tag="520" ind1=" " ind2=" ">
    <subfield code="a">But that doesn't mean we don't care passionately about the environment. Luckily, the days when becoming environmentally aware entailed eating bread that tasted like dirt, wearing clothes that looked like frayed burlap sacks, and spending summer vacations assailing whaling ships with Greenpeace are passing away. It is now perfectly possible (and increasingly easy) to be well-fed, well coiffed, well-dressed, and well traveled while remaining deeply committed to an ecologically sustainable lifestyle.

In The Lazy Environmentalist, Josh Dorfman, host of the Sirius Satellite Radio program of the same name, provides comprehensive guidance to fashion-forward consumers who are as concerned about the long-term health of our planet as they are about the design of their bathroom fixtures. Covering topics that range from clothing to electronic gadgetry, home decor to recreation, and gardening to financial investment, Dorfman lets us know which trends to watch and which eco-conscious products, cars, toothbrushes, cell phones, pet accessories to buy. Green, it turns out, can be an extremely stylish color.</subfield>
  </datafield>
  <datafield tag="650" ind1=" " ind2="0">
    <subfield code="a">Environmental protection</subfield>
    <subfield code="x">Citizen participation</subfield>
    <subfield code="9">12144</subfield>
  </datafield>
  <datafield tag="650" ind1=" " ind2="0">
    <subfield code="a">Environmentalism</subfield>
    <subfield code="9">12143</subfield>
  </datafield>
  <datafield tag="650" ind1=" " ind2="0">
    <subfield code="a">Organic living</subfield>
    <subfield code="9">25753</subfield>
  </datafield>
  <datafield tag="650" ind1=" " ind2="0">
    <subfield code="a">Sustainable living</subfield>
    <subfield code="9">10807</subfield>
  </datafield>
  <datafield tag="942" ind1=" " ind2=" ">
    <subfield code="2">lcc</subfield>
  </datafield>
  <datafield tag="952" ind1=" " ind2=" ">
    <subfield code="0">0</subfield>
    <subfield code="1">0</subfield>
    <subfield code="2">lcc</subfield>
    <subfield code="4">0</subfield>
    <subfield code="7">0</subfield>
    <subfield code="a">TBS</subfield>
    <subfield code="b">TBS</subfield>
    <subfield code="d">2025-09-23</subfield>
    <subfield code="l">1</subfield>
    <subfield code="o">TD171.7 DOR</subfield>
    <subfield code="p">B07592</subfield>
    <subfield code="r">2025-12-15</subfield>
    <subfield code="s">2025-12-03</subfield>
    <subfield code="t">1</subfield>
    <subfield code="w">2025-09-23</subfield>
    <subfield code="y">1</subfield>
  </datafield>
  <datafield tag="999" ind1=" " ind2=" ">
    <subfield code="c">4976</subfield>
    <subfield code="d">4976</subfield>
  </datafield>
</record>
